000 00716nam a2200289Ia 4500
005 20260324113356.0
008 008 260324s9999 xx 000 0 eng d
020 _a9781003453178
037 _aEBOOK
040 _aCRL
040 _beng
040 _cCRL
041 _2eng
041 _aeng
084 _qCRL
100 _aMichael Bernhard; Amie Kreppel; Carlos de la Torre
_91146520
245 0 _aStill the Age of Populism?
245 0 _bRe-examining Theories and Concepts
260 _bTaylor and Francis
260 _c2024
365 _a
365 _b230
856 _uhttp://www.taylorfrancis.com/books/9781003453178
942 _cEBOOK
999 _c1736133
_d1736133